Desiatky firiem čaká energetický audit
Platnosť prvého auditu sa končí. Náhradou za energetický audit je systém energetického manažérstva podľa medzinárodnej normy ISO 50001. Audit systému energetického manažérstva ISO 50001 krok za krokom.
Saved in:
| Main Author: | |
|---|---|
| Format: | Book Chapter |
| Language: | Slovak |
| Subjects: | |
| Tags: |
No Tags, Be the first to tag this record!
|
MARC
| LEADER | 00000naa a2200000 4500 | ||
|---|---|---|---|
| 001 | 0234470 | ||
| 005 | 20170714120359.8 | ||
| 041 | 0 | |a slo | |
| 044 | |a SK | ||
| 245 | 1 | 0 | |a Desiatky firiem čaká energetický audit |c Marián Harčárik |
| 520 | |a Platnosť prvého auditu sa končí. Náhradou za energetický audit je systém energetického manažérstva podľa medzinárodnej normy ISO 50001. Audit systému energetického manažérstva ISO 50001 krok za krokom. | ||
| 610 | 2 | 0 | |a normy ISO |
| 610 | 2 | 0 | |a audit |
| 610 | 2 | 0 | |a politika energetická |
| 610 | 2 | 0 | |a normy medzinárodné |
| 100 | 1 | |a Harčárik, Marián | |